[Event "Perm op 08"]
[Site "Perm"]
[Date "2009.08.17"]
[Round "5"]
[White "Mikheev, Nikolay"]
[Black "Pershina, Elena"]
[Result "1/2-1/2"]
[WhiteElo "1982"]
[BlackElo "1958"]
[PlyCount "80"]
[EventDate "2009.08.11"]
[EventType "swiss"]
[EventRounds "9"]
[EventCountry "RUS"]
[SourceTitle "CBM 132 Extra"]
[Source "ChessBase"]
[SourceDate "2009.11.03"]
[SourceVersion "1"]
[SourceVersionDate "2009.11.03"]
[SourceQuality "1"]

1. e4 c5 2. Nf3 Nc6 3. d4 cxd4 4. Nxd4 g6 5. Be3 Bg7 6. Nc3 Nf6 7. f3 Qb6 8. Nf5 Qxb2 9. Nxg7+ Kf8 10. Bd2 Kxg7 11. Rb1 Qa3 12. Rb3 Qc5 13. Qc1 Rd8 14. Rb5 Qd6 15. Bd3 a6 16. Rb1 Qc7 17. 0-0 d6 18. f4 b5 19. f5 Ne5 20. Be2 Bb7 21. fxg6 fxg6 22. Bh6+ Kg8 23. Nd5 Bxd5 24. exd5 Qc5+ 25. Kh1 Qxd5 26. Bf3 Nxf3 27. Rxf3 Rac8 28. Qb2 Qe5 29. Qb3+ Qd5 30. Qb2 Qc4 31. Rbf1 Qxc2 32. Qa1 Qc5 33. Rxf6 exf6 34. Qxf6 Qe5 35. Qf7+ Kh8 36. h4 Re8 37. Bg5 Re6 38. Qd7 Rce8 39. Rf7 Kg8 40. Bf6 Qe1+ 1/2-1/2